Wszystkie gminy w opolskim - Statystyki

Ogólne statystyki
  • Ten quiz został rozwiązany 77 razy
    66 od ostatniego zresetowania
  • Średni wynik to 42 z 71
Statystyki odpowiedzi
Powiat Gmina % Poprawnych
miasto na prawach powiatu Opole
91%
nyski Nysa
82%
oleski Olesno
82%
głubczycki Głubczyce
80%
strzelecki Strzelce Opolskie
80%
brzeski Brzeg
77%
kędzierzyńsko-kozielski Kędzierzyn-Koźle
77%
kluczborski Kluczbork
77%
prudnicki Prudnik
77%
krapkowicki Krapkowice
75%
namysłowski Namysłów
75%
Gogolin
73%
Głuchołazy
70%
Lewin Brzeski
70%
Byczyna
68%
Dobrodzień
68%
Paczków
68%
Kolonowskie
66%
Otmuchów
66%
opolski Ozimek
66%
Gorzów Śląski
64%
Kietrz
64%
Niemodlin
64%
Praszka
64%
Prószków
64%
Ujazd
64%
Zdzieszowice
64%
Biała
61%
Grodków
61%
Wołczyn
61%
Baborów
59%
Leśnica
59%
Zawadzkie
59%
Dobrzeń Wielki
57%
Izbicko
57%
Rudniki
57%
Tarnów Opolski
57%
Turawa
57%
Jemielnica
55%
Korfantów
55%
Murów
55%
Pokój
55%
Zębowice
55%
Łubniany
52%
Pawłowiczki
52%
Reńska Wieś
52%
Tułowice
52%
Chrząstowice
50%
Dąbrowa
50%
Domaszowice
50%
Komprachcice
50%
Lasowice Wielkie
50%
Popielów
50%
Strzeleczki
50%
Skarbimierz
48%
Bierawa
45%
Branice
45%
Cisek
45%
Głogówek
45%
Lubrza
45%
Pakosławice
45%
Radłów
45%
Walce
45%
Wilków
45%
Łambinowice
43%
Skoroszyce
43%
Świerczów
43%
Lubsza
41%
Polska Cerekiew
41%
Kamiennik
39%
Olszanka
39%
Nie znaleziono quizów pasujących do podanych kryteriów
Rozkład punktacji
Procent ludzi z każdym wynikiem
Percentyl według liczby udzielonych odpowiedzi
Twoja historia wyników
Nie rozwiązałeś tego quizu od ostatniego zresetowania